| 000 | 00824cam a22002532 4500 | ||
|---|---|---|---|
| 999 |
_c18278 _d18278 |
||
| 001 | 0000019191 | ||
| 003 | OSt | ||
| 005 | 20200317094422.0 | ||
| 008 | 101019s xx 000 0 eng d | ||
| 020 | _a01292158587 | ||
| 040 |
_aKABU _cKABU |
||
| 050 | 0 |
_aTK5105.59 _b.S73 2017 c. 1 |
|
| 100 | 1 | _aStallings, William. | |
| 245 | 1 | 0 |
_aCryptography and network security : _bprinciples and practice / _cWilliam Stallings. |
| 250 |
_a7th ed. _bGlobal edition |
||
| 260 |
_aBoston : _bPearson _c2017 |
||
| 300 | _a766 p. | ||
| 650 | 0 |
_aComputer networks _xSecurity measures. |
|
| 650 | 0 | _aCryptography. | |
| 908 | _a101019 | ||
| 942 |
_2lcc _cBK _hTK5105.59 _i.S73 2017 c. 1 |
||